| 000 | 01869nam0a2200349 4500 | ||
|---|---|---|---|
| 001 | RU\NLR\bibl\33794 | ||
| 005 | 20260408152848.0 | ||
| 021 |
_aRU _b99-10507 _9509 |
||
| 035 | _a(NLR Aleph) 000032947 | ||
| 090 |
_a166520 _c166520 |
||
| 100 | _a19990618d1998 |||y0rusy50 ca | ||
| 101 | 0 | _arus | |
| 102 | _aRU | ||
| 105 | _ay ||||||||| | ||
| 200 | 1 |
_aСобственность и рынок _eУчеб. пособие _fГ.П. Мельникова _gГос. ком. Рос. Федерации по связи и информатизации, Сиб. гос. ун-т телекоммуникаций и информатики. [Каф. экон. теории] |
|
| 210 |
_aНовосибирск _cСибГУТИ _d1998 |
||
| 215 |
_a23 с. _d21 |
||
| 300 | _aНа обороте тит. л. авт.: к.э.н., доц. Г.П. Мельникова | ||
| 320 | _aБиблиогр.: с. 23 | ||
| 606 | 0 |
_aРыночная экономика _jРуководства, пособия и т.п. для высшей школы _91709114 _3RU\NLR\auth\661059219 |
|
| 606 | 0 |
_aРыночная экономика _jУчебные издания для высшей школы _91709114 _3RU\NLR\auth\661059219 |
|
| 606 |
_aСобственность _jРуководства, пособия и т.п. для высшей школы _3RU\NLR\auth\6625349 _9933043 |
||
| 606 |
_aСобственность _jУчебные издания для высшей школы _3RU\NLR\auth\6625349 _9933043 |
||
| 686 | _aУ010.062я73 | ||
| 686 | _aУ010.6я73 | ||
| 700 | 1 |
_4070 _8rus _7ca _aМельникова _bГ. П. _cэкономист _gГалина Павловна _3RU\NLR\auth\7735882 _918877 |
|
| 801 | 0 |
_aRU _bNLR _c19990618 _gPSBO |
|
| 801 | 1 |
_aRU _bNLR _c19990618 |
|
| 852 |
_aNLR _j99-4/3129 |
||
| 942 | _cBOOK | ||
| 980 | _aNB | ||